|
|
|
|
| LEADER |
00000nam0a2200000 4500 |
| 001 |
186863 |
| 005 |
20231101224023.0 |
| 010 |
|
|
|a 9785317033378
|
| 035 |
|
|
|a (RuTPU)RU\TPU\book\202739
|
| 090 |
|
|
|a 186863
|
| 100 |
|
|
|a 20101103d2010 m y0rusy50 ca
|
| 101 |
0 |
|
|a rus
|
| 102 |
|
|
|a RU
|
| 105 |
|
|
|a a j 001zy
|
| 200 |
1 |
|
|a Углеводороды нефти и их анализ методом газовой хроматографии
|e учебное пособие
|f Г. Н. Гордадзе, М. В. Гируц, В. Н. Кошелев
|g Российский государственный университет нефти и газа им. И. М. Губкина (РГУ Нефти и Газа)
|
| 210 |
|
|
|a Москва
|c МАКС Пресс
|d 2010
|
| 215 |
|
|
|a 236 с.
|c ил.
|
| 320 |
|
|
|a Библиогр.: с. 231-235.
|
| 330 |
|
|
|a Изложены основы аналитической капиллярной газожидкостной хроматографии применительно к исследованию состава нефтей и конденсатов. Рассмотрены современные данные о составе и строении углеводородов и сульфидов нефти, приведены методики их капиллярного газожидкостного хроматографического анализа. Особое внимание уделено углеводородам-биометкам - соединениям, сохранившим основные черты строения исходных биоорганических молекул, - алканам нормального и изопреноидного строения, стеранам и терпанам, ароматическим углеводородам. Представлены примеры хроматограмм различных типов нефтей, встречающихся в природе. В приложении приведены таблицы относительных времен удерживания и индексы удерживания низко- и высокомолекулярных углеводородов и сульфидов нефти. Учебное пособие будет полезно для студентов, изучающих дисциплины: "Химия нефти и газа", "Физико-химические методы исследования углеводородного сырья", "Геохимические исследования при поисках и разведке нефти и газа", аспирантов и преподавателей, а также специалистов - нефтяников, химиков и нефтехимиков, экологов, геохимиков.
|
| 606 |
1 |
|
|a Нефть
|x Хроматографический анализ
|2 stltpush
|3 (RuTPU)RU\TPU\subj\33802
|9 55936
|
| 610 |
1 |
|
|a газожидкостная хроматография
|
| 610 |
1 |
|
|a углеводороды
|
| 610 |
1 |
|
|a конденсаты
|
| 610 |
1 |
|
|a сульфиды
|
| 610 |
1 |
|
|a анализ
|
| 610 |
1 |
|
|a методика
|
| 610 |
1 |
|
|a состав
|
| 610 |
1 |
|
|a строение
|
| 610 |
1 |
|
|a алканы
|
| 610 |
1 |
|
|a стераны
|
| 610 |
1 |
|
|a терпаны
|
| 610 |
1 |
|
|a учебные пособия
|
| 675 |
|
|
|a 665.61(075.8)
|v 3
|
| 700 |
|
1 |
|a Гордадзе
|b Г. Н.
|g Гурам Николаевич
|
| 701 |
|
1 |
|a Гируц
|b М. В.
|g Максим Владимирович
|
| 701 |
|
1 |
|a Кошелев
|b В. Н.
|g Владимир Николаевич
|
| 712 |
0 |
2 |
|a Российский государственный университет нефти и газа им. И. М. Губкина (РГУ Нефти и Газа)
|c (Москва)
|c (1998- )
|2 stltpush
|3 (RuTPU)RU\TPU\col\408
|
| 801 |
|
1 |
|a RU
|b 63413507
|c 20101103
|
| 801 |
|
2 |
|a RU
|b 63413507
|c 20150708
|g RCR
|
| 900 |
|
|
|a Химическая технология нефти и газа
|
| 900 |
|
|
|a Химия нефти и газа
|
| 942 |
|
|
|c BK
|
| 951 |
|
|
|b 131000
|
| 959 |
|
|
|a 79/20101103
|d 2
|e 0
|f АНЛ:1
|f ЧЗТЛ:1
|
| 959 |
|
|
|a 44/20110427
|d 2
|e 432,00
|f ЧЗТЛ:1
|f АНЛ:1
|